00786 2200253 4500001002100000005001500021035002000036007000300056008004100059020002200100082001000122084001600132100005200148245009700200250001400297300002800311600004100339264004200380336002100422337001900443338003800462990001600500990001600516INLIS00000000000592120260205091200 a0010-0226000127ta260205 0 ind  a978-602-8276-67-2 a370.7 a370.7 FOR r0 aFORUM KUMUNIKASI GURU MATA PELAJARANePengarang1 aREKOR NILAI 10 UN UJIAN NASIONAL & UAS :bSMA/MA IPS /cFORUM KUMUNIKASI GURU MATA PELAJARAN aCETAKAN 1 a260 hlm ;c205 x 290 mm04aFORUM KUMUNIKASI GURU MATA PELAJARAN aYOGYAKARTA :bINDONESIA CERDAS,c2022 2rdacontentaTEXT 2rdamediaaBUKU 2rdacarrieraMPK RAK KANAN LAJUR 2 a00000013777 a00000013778